| 000 | 01295cam a2200325 a 4500 | ||
|---|---|---|---|
| 003 | CO-ViMGA | ||
| 005 | 20230915224414.0 | ||
| 008 | 030708r20042000ck a jr 00110 spa d | ||
| 020 | _a9586155064 | ||
| 040 |
_aCO-ViMGA _bspa _cCO-ViMGA |
||
| 041 | 1 | _heng | |
| 082 | 0 | 4 |
_aI537 _bP17a _219 ed. |
| 100 | 1 |
_aParsons, Alexandra. _910280 |
|
| 245 | 1 | 0 |
_aA experimentar electricidad : _bde 7 años en adelante / _cAlexandra Parson ; fotografía Jon Barnes ; consultor científico Graham Peacock ; traducción Francisco Ruíz. |
| 250 | _a2a. ed. / editor Lina María Manrique. | ||
| 260 |
_aBogotá : _bTwo-Can Editores : Educar Cultural y Recreativa, _c2000. |
||
| 300 |
_a48 p. : _bil. , ; _c27 cm. |
||
| 500 | _aGlosario : p. 46-47. | ||
| 500 | _aIncluye índice. | ||
| 500 | _aPremio Instituto Americano de Física mejor obra de ciencias para niños. | ||
| 500 | _aSubtítulo tomado de la carátula. | ||
| 534 |
_pTítulo original. _tMake it work electricity. |
||
| 650 | 6 |
_aElectricidad _x Experimentos. _92117 |
|
| 650 | 6 |
_aGeneración de energía eléctrica _x Enseñanza primaria. _910281 |
|
| 700 | 1 |
_aBarnes, Jon. _910282 |
|
| 700 | 1 |
_aManrique, Lina María, _eed. _910285 |
|
| 700 | 1 |
_aPeacock, Graham. _910283 |
|
| 700 | 1 |
_aRuíz, Francisco, _etr. _910284 |
|
| 942 | _2ddc | ||
| 999 |
_c11824 _d11824 |
||